000 01157nam a22002777a 4500
005 20160317102244.0
008 160317s2013 ck ao fr|||| 001 0 spa d
020 _a9789584624567
040 _aCO-BoIAVH
_cCO-BoIAVH
041 0 _aspa
044 _ack
082 0 4 _a333.95617
_bZ94a
100 1 _aZuluaga Guerra, Paula Andrea
245 1 0 _aAcuerdos de pesca sostenible en las comunidades de la Estrella Fluvial de Inírida :
_bavances /
_cPaula Andrea Zuluaga y Marcela Franco Jaramillo
260 _a[Colombia?] :
_bUSAID :
_bICAA :
_bAUNAP :
_bWWF,
_c2013.
300 _a56 páginas :
_bilustraciones a color y fotografías a color ;
_c21 x 19 centímetros
504 _aIncluye referencias bibliográficas: página 55.
650 6 _aZonas de pesca
_xdiagnóstico
650 6 _aZonas de pesca
_xpesca artesanal
650 4 _aPesca sostenible
650 6 _aOrdenación de cuencas
662 _aColombia
_bVichada (Departamento)
_cEstrella Fluvial de Inírida
700 1 _aFranco Jaramillo, Marcela
_eautora
_efotografía
700 1 _aGarcía Arbelaez, Carolina
_efotografía
942 _2ddc
_cLIBRO
999 _c18241
_d18241